Statistiken für Wiener Krankenhäuser (WIGEV)

Klicken Sie hier um das Quiz zu spielen!

Allgemein

  • Dieses Quiz wurde 36 mal gespielt
  • Das Durchschnittsergebnis liegt bei 5 aus 9

Antwortstatistiken

PostleitzahlOffizielle Bezeichnung% Korrekt
1090Universitätsklinikum
AKH Wien
Allgemeines Krankenhaus
97%
1220Klinik Donaustadt
SMZ Ost - Donauspital
79%
1160Klinik Ottakring
Wilhelminenspital
70%
1100Klinik Favoriten
Sozialmedizinisches Zentrum Süd
Kaiser-Franz-Josef-Spital mit Gottfried von Preyer’schem Kinderspital
64%
1210Klinik Floridsdorf
Krankenhaus Nord
64%
1130Klinik Hietzing
Krankenhaus Hietzing mit Neurologischem Zentrum Rosenhügel
61%
1030Klinik Landstraße
Krankenanstalt Rudolfstiftung
52%
1140Klinik Penzing
Sozialmedizinisches Zentrum
Baumgartner Höhe - Otto Wagner-Spital
33%
3370Therapiezentrum Ybbs
Therapiezentrum Ybbs - Psychiatrisches Krankenhaus
15%

Verteilung der Resultate

Perzentil nach korrekt beantworteten Fragen

Anzahl Personen mit jedem Resultat

Ihre Resultats-Entwicklung

Sie haben dieses Quiz noch nicht gespielt